00329nam a2200121Ia 4500008004100000041001200041082001600053245003600069260004800105440000900153650001500162650003000177240126s9999 xx 000 0 und d aEnglish aLIBRARY-XII 0aJournal of Human Values (2005 - bIndian Institute of ManagementaLos Angeles aNULL aManagement aValues,(2005,-,Management